000 00598nam a22002417a 4500
003 OSt
005 20220924113631.0
006 a|||||r|||| 00| 0
007 ta
008 220923b |||||||| |||| 00| 0 eng d
024 _a122297
037 _cGeneral Books
040 _aARTS
_cARTS
_beng
041 _2eng
_aeng
082 _aXu28271:N6, K5
100 _aMathur M V
_9170259
245 0 _aEconomic survey of Jaipur city
260 _c1965
300 _ap.
650 _aECONOMICS
942 _hXu28271:N6, K5
_cGB
_2CC
999 _c390284
_d390284